<?xml version="1.0" encoding="UTF-8"?>
<record
    xmlns:xsi="http://www.w3.org/2001/XMLSchema-instance"
    xsi:schemaLocation="http://www.loc.gov/MARC21/slim http://www.loc.gov/standards/marcxml/schema/MARC21slim.xsd"
    xmlns="http://www.loc.gov/MARC21/slim">

  <leader>02119nam a2200553 a 4500</leader>
  <datafield tag="999" ind1=" " ind2=" ">
    <subfield code="c">23965</subfield>
    <subfield code="d">23965</subfield>
  </datafield>
  <controlfield tag="001">nkc20132447125</controlfield>
  <controlfield tag="005">20251024075357.0</controlfield>
  <controlfield tag="007">ta</controlfield>
  <controlfield tag="008">130315s2012    xr a   e f    000 0 cze  </controlfield>
  <datafield tag="020" ind1=" " ind2=" ">
    <subfield code="a">9788087335406</subfield>
    <subfield code="q">(bro&#x17E;.)</subfield>
  </datafield>
  <datafield tag="035" ind1=" " ind2=" ">
    <subfield code="a">(OCoLC)842345321</subfield>
  </datafield>
  <datafield tag="040" ind1=" " ind2=" ">
    <subfield code="a">OLA001</subfield>
    <subfield code="b">cze</subfield>
    <subfield code="d">ABA001</subfield>
    <subfield code="c">sk</subfield>
  </datafield>
  <datafield tag="041" ind1="1" ind2=" ">
    <subfield code="a">cze</subfield>
    <subfield code="h">eng</subfield>
  </datafield>
  <datafield tag="072" ind1=" " ind2="7">
    <subfield code="a">331</subfield>
    <subfield code="x">Pr&#xE1;ce</subfield>
    <subfield code="2">Konspekt</subfield>
  </datafield>
  <datafield tag="080" ind1=" " ind2=" ">
    <subfield code="a">331.548</subfield>
    <subfield code="2">MRF</subfield>
  </datafield>
  <datafield tag="080" ind1=" " ind2=" ">
    <subfield code="a">331.54</subfield>
    <subfield code="2">MRF</subfield>
  </datafield>
  <datafield tag="080" ind1=" " ind2=" ">
    <subfield code="a">159.923.5</subfield>
    <subfield code="2">MRF</subfield>
  </datafield>
  <datafield tag="080" ind1=" " ind2=" ">
    <subfield code="a">005.966</subfield>
    <subfield code="2">MRF</subfield>
  </datafield>
  <datafield tag="080" ind1=" " ind2=" ">
    <subfield code="a">373.3</subfield>
    <subfield code="2">MRF</subfield>
  </datafield>
  <datafield tag="080" ind1=" " ind2=" ">
    <subfield code="a">373.5/.6+377.1/.3</subfield>
    <subfield code="2">MRF</subfield>
  </datafield>
  <datafield tag="080" ind1=" " ind2=" ">
    <subfield code="a">(4)</subfield>
    <subfield code="2">MRF</subfield>
  </datafield>
  <datafield tag="080" ind1=" " ind2=" ">
    <subfield code="a">(072)</subfield>
    <subfield code="2">MRF</subfield>
  </datafield>
  <datafield tag="080" ind1=" " ind2=" ">
    <subfield code="a">(048.8)</subfield>
    <subfield code="2">MRF</subfield>
  </datafield>
  <datafield tag="245" ind1="0" ind2="0">
    <subfield code="a">Pr&#x16F;vodce kari&#xE9;rou pro &#x161;koly :</subfield>
    <subfield code="b">zpr&#xE1;va o efektivn&#xED;m kari&#xE9;rov&#xE9;m poradenstv&#xED; /</subfield>
    <subfield code="c">[editor Nora Gikopoulou ; p&#x159;eklad Monika Mr&#x148;&#xE1;vkov&#xE1;, Filip P&#xFD;cha, Silvie P&#xFD;chov&#xE1;]</subfield>
  </datafield>
  <datafield tag="246" ind1="3" ind2="0">
    <subfield code="a">Zpr&#xE1;va o efektivn&#xED;m kari&#xE9;rov&#xE9;m poradenstv&#xED;</subfield>
  </datafield>
  <datafield tag="260" ind1=" " ind2=" ">
    <subfield code="a">Praha :</subfield>
    <subfield code="b">D&#x16F;m zahrani&#x10D;n&#xED;ch slu&#x17E;eb pro Centrum Euroguidance,</subfield>
    <subfield code="c">2012</subfield>
  </datafield>
  <datafield tag="300" ind1=" " ind2=" ">
    <subfield code="a">195 s. :</subfield>
    <subfield code="b">il. (p&#x159;ev&#xE1;&#x17E;n&#x11B; barev.) ;</subfield>
    <subfield code="c">25 cm</subfield>
  </datafield>
  <datafield tag="500" ind1=" " ind2=" ">
    <subfield code="a">P&#x159;elo&#x17E;eno z angli&#x10D;tiny</subfield>
  </datafield>
  <datafield tag="650" ind1="0" ind2="7">
    <subfield code="a">profesn&#xED; poradenstv&#xED;</subfield>
    <subfield code="z">Evropa</subfield>
    <subfield code="2">czenas</subfield>
    <subfield code="9">5054</subfield>
  </datafield>
  <datafield tag="650" ind1="0" ind2="7">
    <subfield code="a">volba povol&#xE1;n&#xED;</subfield>
    <subfield code="2">czenas</subfield>
    <subfield code="9">5055</subfield>
  </datafield>
  <datafield tag="650" ind1="0" ind2="7">
    <subfield code="a">rozvoj osobnosti</subfield>
    <subfield code="2">czenas</subfield>
    <subfield code="9">1641</subfield>
  </datafield>
  <datafield tag="650" ind1="0" ind2="7">
    <subfield code="a">rozvoj kari&#xE9;ry</subfield>
    <subfield code="2">czenas</subfield>
    <subfield code="9">5056</subfield>
  </datafield>
  <datafield tag="650" ind1="0" ind2="7">
    <subfield code="a">z&#xE1;kladn&#xED; &#x161;koly</subfield>
    <subfield code="2">czenas</subfield>
    <subfield code="9">5057</subfield>
  </datafield>
  <datafield tag="650" ind1="0" ind2="7">
    <subfield code="a">st&#x159;edn&#xED; &#x161;koly</subfield>
    <subfield code="2">czenas</subfield>
    <subfield code="9">5058</subfield>
  </datafield>
  <datafield tag="650" ind1="0" ind2="9">
    <subfield code="a">vocational counseling</subfield>
    <subfield code="z">Europe</subfield>
    <subfield code="2">eczenas</subfield>
    <subfield code="9">5059</subfield>
  </datafield>
  <datafield tag="650" ind1="0" ind2="9">
    <subfield code="a">vocational guidance</subfield>
    <subfield code="2">eczenas</subfield>
    <subfield code="9">5060</subfield>
  </datafield>
  <datafield tag="650" ind1="0" ind2="9">
    <subfield code="a">personality development</subfield>
    <subfield code="2">eczenas</subfield>
    <subfield code="9">1644</subfield>
  </datafield>
  <datafield tag="650" ind1="0" ind2="9">
    <subfield code="a">career development</subfield>
    <subfield code="2">eczenas</subfield>
    <subfield code="9">5061</subfield>
  </datafield>
  <datafield tag="650" ind1="0" ind2="9">
    <subfield code="a">elementary schools</subfield>
    <subfield code="2">eczenas</subfield>
    <subfield code="9">5062</subfield>
  </datafield>
  <datafield tag="650" ind1="0" ind2="9">
    <subfield code="a">secondary schools</subfield>
    <subfield code="2">eczenas</subfield>
    <subfield code="9">5063</subfield>
  </datafield>
  <datafield tag="655" ind1=" " ind2="7">
    <subfield code="a">metodick&#xE9; p&#x159;&#xED;ru&#x10D;ky</subfield>
    <subfield code="2">czenas</subfield>
    <subfield code="9">3074</subfield>
  </datafield>
  <datafield tag="655" ind1=" " ind2="7">
    <subfield code="a">srovn&#xE1;vac&#xED; studie</subfield>
    <subfield code="2">czenas</subfield>
    <subfield code="9">5064</subfield>
  </datafield>
  <datafield tag="655" ind1=" " ind2="9">
    <subfield code="a">methodological manuals</subfield>
    <subfield code="2">eczenas</subfield>
    <subfield code="9">4813</subfield>
  </datafield>
  <datafield tag="655" ind1=" " ind2="9">
    <subfield code="a">comparative studies</subfield>
    <subfield code="2">eczenas</subfield>
    <subfield code="9">5065</subfield>
  </datafield>
  <datafield tag="700" ind1="1" ind2=" ">
    <subfield code="a">Gikopoulou, Nora</subfield>
    <subfield code="4">edt</subfield>
    <subfield code="9">5066</subfield>
  </datafield>
  <datafield tag="710" ind1="2" ind2=" ">
    <subfield code="a">Euroguidance (s&#xED;&#x165; informa&#x10D;n&#xED;ch center)</subfield>
    <subfield code="9">5067</subfield>
  </datafield>
  <datafield tag="765" ind1="0" ind2=" ">
    <subfield code="t">Career guide for schools. Report on effective career guidance</subfield>
  </datafield>
  <datafield tag="765" ind1="1" ind2=" ">
    <subfield code="t">Report on effective career guidance</subfield>
  </datafield>
  <datafield tag="952" ind1=" " ind2=" ">
    <subfield code="0">0</subfield>
    <subfield code="1">0</subfield>
    <subfield code="2">udc</subfield>
    <subfield code="4">0</subfield>
    <subfield code="7">0</subfield>
    <subfield code="8">D</subfield>
    <subfield code="a">10000</subfield>
    <subfield code="b">10000</subfield>
    <subfield code="d">2025-10-24</subfield>
    <subfield code="i">22321</subfield>
    <subfield code="o">S1593</subfield>
    <subfield code="p">S1593</subfield>
    <subfield code="r">2025-10-24</subfield>
    <subfield code="w">2025-10-24</subfield>
    <subfield code="y">OLDO</subfield>
  </datafield>
</record>
